<?xml version="1.0" encoding="UTF-8"?>
<record
    xmlns:xsi="http://www.w3.org/2001/XMLSchema-instance"
    xsi:schemaLocation="http://www.loc.gov/MARC21/slim http://www.loc.gov/standards/marcxml/schema/MARC21slim.xsd"
    xmlns="http://www.loc.gov/MARC21/slim">

  <leader>01357nam a2200205Ia 4500</leader>
  <controlfield tag="001">b6171-43212 </controlfield>
  <controlfield tag="003">IT-MiCISF</controlfield>
  <controlfield tag="008">161014s9999||||xx |||||||||||||| ||und||</controlfield>
  <datafield tag="040" ind1=" " ind2=" ">
    <subfield code="a">IT-MiCISF</subfield>
    <subfield code="c">IT-MiCISF</subfield>
  </datafield>
  <datafield tag="041" ind1=" " ind2=" ">
    <subfield code="a">it</subfield>
  </datafield>
  <datafield tag="100" ind1=" " ind2=" ">
    <subfield code="a">Gardou Charles</subfield>
  </datafield>
  <datafield tag="245" ind1=" " ind2="0">
    <subfield code="a">Diversit&#xE0;, vulnerabilit&#xE0; e handicap</subfield>
    <subfield code="b">Per una nuova cultura della disabilit&#xE0;</subfield>
  </datafield>
  <datafield tag="250" ind1=" " ind2=" ">
    <subfield code="a">1a ed.</subfield>
  </datafield>
  <datafield tag="260" ind1=" " ind2=" ">
    <subfield code="a"> Gardolo (TN)</subfield>
    <subfield code="b">Erickson</subfield>
    <subfield code="c">2006 [Edizione originale: 2005]</subfield>
  </datafield>
  <datafield tag="300" ind1=" " ind2=" ">
    <subfield code="a">pp. 230</subfield>
  </datafield>
  <datafield tag="500" ind1=" " ind2=" ">
    <subfield code="a"> / famiglia-con-handicap, societ&#xE0;, scuola, educazione, apprendimento, antropologia, sessualit&#xE0;, affettivit&#xE0;, handicap, cultura / Questo libro affronta le difficili questioni riguardanti la disabilit&#xE0;: la famiglia, l'affettivit&#xE0; e la sessualit&#xE0;, l'etica, la scuola, l'antropologia, la cultura e la societ&#xE0;. Il suo scopo &#xE8; di fare breccia nel modo di considerare e trattare la disabilit&#xE0;, per promuovere una vera e propria rivoluzione culturale. Secondo l'A. infatti, la disabilit&#xE0; non &#xE8; che uno degli aspetti particolari dei problemi generali dell'umanit&#xE0;, di cui svolge il ruolo di amplificatore. Qualsiasi persona pu&#xF2; esserne vittima, senza alcuna prevedibilit&#xE0; o equit&#xE0;: per questo occorre tenerne conto ogni volta che si pensa all'uomo e ai suoi diritti.</subfield>
  </datafield>
  <datafield tag="650" ind1=" " ind2=" ">
    <subfield code="a"> Famiglia nella societ&#xE0; / handicap</subfield>
    <subfield code="e">006</subfield>
  </datafield>
  <datafield tag="942" ind1=" " ind2=" ">
    <subfield code="c">BK</subfield>
  </datafield>
  <datafield tag="957" ind1=" " ind2=" ">
    <subfield code="7">1</subfield>
  </datafield>
  <datafield tag="999" ind1=" " ind2=" ">
    <subfield code="a">43212</subfield>
    <subfield code="b">si</subfield>
    <subfield code="g">1</subfield>
    <subfield code="c">210899</subfield>
    <subfield code="d">210899</subfield>
  </datafield>
  <datafield tag="952" ind1=" " ind2=" ">
    <subfield code="0">0</subfield>
    <subfield code="1">0</subfield>
    <subfield code="4">0</subfield>
    <subfield code="6">B_617143212</subfield>
    <subfield code="7">1</subfield>
    <subfield code="a">CISF</subfield>
    <subfield code="b">CISF</subfield>
    <subfield code="d">2016-10-14</subfield>
    <subfield code="l">0</subfield>
    <subfield code="o">b6171-43212 </subfield>
    <subfield code="r">2016-10-14 00:00:00</subfield>
    <subfield code="w">2016-10-14</subfield>
    <subfield code="y">BK</subfield>
    <subfield code="z">Data import 15.10.2016 / by Epidotti, Vaglietti</subfield>
  </datafield>
</record>
